90 Magical Chalisa of English/ (Record no. 214005)

MARC details
000 -LEADER
fixed length control field 00664nam a22002057a 4500
005 - DATE AND TIME OF LATEST TRANSACTION
control field 20260105113156.0
010 ## - LCCN (DPL NO)
LC control number ENG-147387
020 ## - INTERNATIONAL STANDARD BOOK NUMBER
International Standard Book Number 9789355018632
Terms of availability 529.00
035 ## - SYSTEM CONTROL NUMBER
System control number EN-130919
037 ## - SOURCE OF ACQUISITION
Source of stock number/acquisition DBAD
082 ## - DEWEY DECIMAL CLASSIFICATION NUMBER
Classification number 000
Edition number 1
100 ## - MAIN ENTRY--PERSONAL NAME
Personal name Hemant
245 ## - TITLE STATEMENT
Title 90 Magical Chalisa of English/
Statement of responsibility, etc Hemant
250 ## - EDITION STATEMENT
Edition statement 1
260 ## - PUBLICATION, DISTRIBUTION, ETC. (IMPRINT)
Place of publication, distribution, etc New Delhi
Name of publisher, distributor, etc S Chand and Company Limited
Date of publication, distribution, etc 2026
270 ## - ADDRESS
Address A-27, 2nd Floor, Mohan Co-operative Industrial Estate
City New Delhi
Postal code 110044
Electronic mail address info@schandpublishing.com
Telephone number 011-49731800
300 ## - PHYSICAL DESCRIPTION
Extent 349p.
Dimensions 26cm(pb)
500 ## - GENERAL NOTE
General note 90 Magical Rules for Solving 3600+ Questions
942 ## - ADDED ENTRY ELEMENTS (KOHA)
Source of classification or shelving scheme Dewey Decimal Classification
Item type English Books
Classification part 000
Call number suffix HEA
Holdings
Withdrawn status Lost status Not for loan Collection code Home library Current library Date acquired Source of acquisition Cost, normal purchase price Full call number Barcode Copy number Cost, replacement price Koha item type
      Non-fiction Bawana Bawana 05/01/2026 Delivery of Books Act Division 549.00 000 HEA EN-130919 1 549.00 English Books

© Delhi Public Library
Hit Counter
free hit counter